000 00785nmm a2200253 a 4500
001 ocm000652789
003 TR-IsHL
005 20201028141719.0
008 131226s2007 tu tur
007 cr cn
020 _a9789944601542
035 _a652789
_b(N$T)
050 0 4 _aKKX1676.T36
_bB55 2007
090 0 4 _aKKX1676.T36
_bB55 2007
245 1 0 _aBilirkişi bilgilendirme, seminer, 21.04.2006
_h[electronic resource]
260 _aİstanbul :
_bİstanbul Ticaret Odası,
_c2007
300 _a52 p.
650 4 _aHukuk
650 4 _aLaw
650 0 _aEvidence, Expert
_x Turkey
650 0 _aBilirkişi beyanı
_x Türkiye
650 7 _aLAW / Taxation
_2bisacsh
856 4 0 _uhttp://search.ebscohost.com/login.aspx?direct=true&scope=site&db=e011xww&AN=652789
999 _c7963
_d7963